000
00337nam a22001577a 4500
003
NUST - PNEC
005
20170116180842.0
008
150821b xxu||||| |||| 00| 0 eng d
020
_a
-
040
_c
LIBRARY
082
_a
515.15 OAK
100
_9
5387
_a
Oakley
245
_a
The Calculus
_c
Oakley
650
_x
ME
942
_2
ddc
_c
BK
999
_c
64416
_d
64416